000 00521cam7a220018100 4500
001 tmp16044113
003 UPRA
005 20190815094525.0
008 951129s1992 sa eng u
035 _a(Sirsi) r75489
035 _a(UPRA)tmp16044113
040 _cUPRA
100 1 _aSpivak, Gayatri.
_6A35892.1
245 1 0 _aThinking academic freedom in gendered post-coloniality /
_cGayatri Spivak.
260 _aCapetown :
_bThe University,
_c1992.
949 _a(O2)1992/15
_wlcc
_mMAIN
_tBOOK
_lON-SHELF
004 75489
999 _c59748
_d59748